[Event "CHI-chT"]
[Site "Chile"]
[Date "2023.11.09"]
[Round "6.1"]
[White "Aravena Navarro, Alexis Andres"]
[Black "Riquelme Cifuentes, Esteban"]
[Result "1-0"]
[WhiteElo "2083"]
[BlackElo "1699"]
[PlyCount "93"]
[EventDate "2023.11.07"]
[EventType "team-tourn"]
[EventRounds "7"]
[EventCountry "CHI"]
[SourceTitle "CB46_2023"]
[SourceDate "2023.11.15"]
[SourceVersion "1"]
[SourceVersionDate "2023.11.15"]
[SourceQuality "1"]
[WhiteTeam "USACH"]
[BlackTeam "UACH"]
[WhiteTeamCountry "CHI"]
[BlackTeamCountry "CHI"]

1. e4 c5 2. Nf3 d6 3. d4 cxd4 4. Nxd4 Nf6 5. f3 e5 6. Nb3 Be6 7. c4 Nbd7 8. Be3 Qc7 9. Na3 a6 10. Be2 Be7 11. 0-0 0-0 12. Qd2 Rac8 13. Rfd1 Rfd8 14. Rac1 b6 15. Nc2 Nc5 16. Nb4 Qb7 17. Na1 a5 18. Nd5 Nxd5 19. cxd5 Bd7 20. Nc2 f5 21. exf5 Bxf5 22. Na3 Rf8 23. Nc4 Rcd8 24. b4 axb4 25. Qxb4 Ra8 26. Qxb6 Qxb6 27. Nxb6 Rxa2 28. Bxc5 dxc5 29. Bc4 Bd8 30. Bxa2 Bxb6 31. d6+ Kh8 32. Re1 Re8 33. Bf7 Rf8 34. Rxe5 g6 35. Re8 Kg7 36. Rxf8 Kxf8 37. Bc4 Ke8 38. Bb5+ Kd8 39. Re1 Bd7 40. Bxd7 Kxd7 41. Re7+ Kxd6 42. Rxh7 c4+ 43. Kf1 Kd5 44. Ke2 Kd4 45. Kd2 Ba5+ 46. Kc2 Ke3 47. Rg7 1-0

[Event "CHI-chT"]
[Site "Chile"]
[Date "2023.11.08"]
[Round "4.1"]
[White "Aravena Navarro, Alexis Andres"]
[Black "Donoso Diaz, Sebastian"]
[Result "0-1"]
[WhiteElo "2083"]
[BlackElo "2172"]
[PlyCount "68"]
[EventDate "2023.11.07"]
[EventType "team-tourn"]
[EventRounds "7"]
[EventCountry "CHI"]
[SourceTitle "CB46_2023"]
[SourceDate "2023.11.15"]
[SourceVersion "1"]
[SourceVersionDate "2023.11.15"]
[SourceQuality "1"]
[WhiteTeam "USACH"]
[BlackTeam "PUC"]
[WhiteTeamCountry "CHI"]
[BlackTeamCountry "CHI"]

1. e4 e5 2. Nc3 Nf6 3. d4 exd4 4. Qxd4 Nc6 5. Qd3 Bb4 6. Bd2 0-0 7. 0-0-0 Re8 8. Nge2 Ne5 9. Qg3 Nh5 10. Qh3 g6 11. g4 d5 12. f3 c6 13. exd5 Qa5 14. Qh4 Nxf3 15. Qh3 Ne5 16. Rg1 Nf6 17. Kb1 Nfxg4 18. Qg3 Nc4 19. Bc1 Bf5 20. Nd4 Na3+ 21. bxa3 Bxc3 22. Nb3 Qb6 23. Bd3 Be5 24. Qg2 Bxd3 25. Rxd3 Nf6 26. dxc6 bxc6 27. Bb2 Nd5 28. Bxe5 Rxe5 29. Qg3 Rae8 30. h4 Qa6 31. Kb2 Nb6 32. Nd2 Na4+ 33. Kc1 Qb6 34. Rb3 Qxg1+ 0-1

[Event "CHI-ch sf"]
[Site "Villa Alemana"]
[Date "2023.01.18"]
[Round "2"]
[White "Perez Rojas, Jorge"]
[Black "Aravena Navarro, Alexis Andres"]
[Result "0-1"]
[WhiteElo "1725"]
[BlackElo "2102"]
[PlyCount "92"]
[EventDate "2023.01.18"]
[EventType "swiss"]
[EventRounds "8"]
[EventCountry "CHI"]
[SourceTitle "CBM 212 Extra"]
[Source "ChessBase"]
[SourceDate "2023.03.31"]
[SourceVersion "1"]
[SourceVersionDate "2023.03.31"]
[SourceQuality "1"]

1. e4 c5 2. Nf3 Nc6 3. c3 d5 4. exd5 Qxd5 5. Bb5 Bg4 6. Na3 Bxf3 7. Qxf3 Qxf3 8. gxf3 Rc8 9. d3 a6 10. Bxc6+ Rxc6 11. Be3 Nf6 12. d4 cxd4 13. Bxd4 e5 14. Bxe5 Bxa3 15. bxa3 Re6 16. f4 Ng4 17. Kd2 Nxe5 18. fxe5 Rxe5 19. Rhe1 Rxe1 20. Rxe1+ Kd7 21. Kd3 Rc8 22. Re5 Rc6 23. Rh5 Rd6+ 24. Ke4 Re6+ 25. Kd4 Rd6+ 26. Ke4 h6 27. Rf5 Ke6 28. Re5+ Kd7 29. Rf5 Re6+ 30. Kd5 f6 31. c4 Re2 32. Rf3 Rxa2 33. Rg3 g5 34. Rf3 Rd2+ 35. Ke4 Ke6 36. Ke3 Rb2 37. Kd4 b6 38. Re3+ Kf5 39. Rf3+ Kg6 40. Kd5 g4 41. Rg3 h5 42. f3 f5 43. fxg4 fxg4 44. h4 Kf5 45. Re3 Kf4 46. Re8 Kg3 0-1

[Event "CHI-ch U20"]
[Site "Quirihue"]
[Date "2022.01.21"]
[Round "8"]
[White "Aravena Navarro, Alexis Andres"]
[Black "Castro Salgado, Pablo Alonso"]
[Result "0-1"]
[WhiteElo "1985"]
[BlackElo "1838"]
[PlyCount "84"]
[EventDate "2022.01.17"]
[EventType "swiss"]
[EventRounds "9"]
[EventCountry "CHI"]
[SourceTitle "CBM 206 Extra"]
[Source "ChessBase"]
[SourceDate "2022.03.31"]
[SourceVersion "1"]
[SourceVersionDate "2022.03.31"]
[SourceQuality "1"]

1. e4 e5 2. Nf3 Nc6 3. Bb5 a6 4. Ba4 Nf6 5. Nc3 b5 6. Bb3 Bc5 7. 0-0 d6 8. d3 Na5 9. Bg5 Nxb3 10. axb3 h6 11. Bxf6 Qxf6 12. Nxb5 Bb6 13. d4 exd4 14. Nbxd4 0-0 15. Qd3 Bb7 16. Rfe1 Rfe8 17. c3 Qg6 18. Nf5 Qe6 19. Nd2 Rad8 20. Nd4 Qg6 21. Re3 c5 22. Rg3 Qh7 23. Nf5 Bxe4 24. Nxh6+ Qxh6 25. Nxe4 d5 26. Nd2 c4 27. Qc2 Re2 28. Rh3 Qxd2 29. Qh7+ Kf8 30. Rf1 Rxf2 31. Qh8+ Ke7 32. Qh4+ g5 33. Qxf2 Bxf2+ 34. Rxf2 Qc1+ 35. Rf1 Qxb2 36. Re3+ Kf8 37. Ref3 Rd7 38. b4 d4 39. R1f2 dxc3 40. Rxb2 cxb2 41. Rf1 c3 42. b5 c2 0-1

[Event "CHI-ch U20"]
[Site "Quirihue"]
[Date "2022.01.18"]
[Round "2"]
[White "Palma Munoz, Oscar"]
[Black "Aravena Navarro, Alexis Andres"]
[Result "0-1"]
[WhiteElo "1587"]
[BlackElo "1985"]
[PlyCount "116"]
[EventDate "2022.01.17"]
[EventType "swiss"]
[EventRounds "9"]
[EventCountry "CHI"]
[SourceTitle "CBM 206 Extra"]
[Source "ChessBase"]
[SourceDate "2022.03.31"]
[SourceVersion "1"]
[SourceVersionDate "2022.03.31"]
[SourceQuality "1"]

1. d4 Nf6 2. c4 c5 3. Nf3 cxd4 4. Nxd4 e5 5. Nb5 d6 6. g3 Be6 7. Nd2 Qc8 8. Qa4 Nc6 9. Bg2 Bd7 10. Qa3 Qb8 11. 0-0 a6 12. Nc3 Nd4 13. Rb1 d5 14. c5 Bc6 15. Nf3 Ne6 16. b4 Be7 17. Na4 e4 18. Nh4 Qe5 19. Nb6 Rd8 20. Bb2 Qh5 21. f3 0-0 22. fxe4 Nxe4 23. Nf5 Bg5 24. Bf3 Qh3 25. Bg2 Qh5 26. Bf3 Qg6 27. Bxe4 dxe4 28. Bc1 Kh8 29. Nc4 Bxc1 30. Qxc1 Bb5 31. Rf2 Ng5 32. Ne5 Qf6 33. Ng4 Qg6 34. Ne5 Nh3+ 35. Kg2 Qe6 36. Kxh3 Qxe5 37. Qb2 Qxb2 38. Rxb2 Bd7 39. g4 h5 40. Ne3 hxg4+ 41. Nxg4 f5 42. Ne5 Be8 43. Nc4 f4 44. Nd6 Bd7+ 45. Kg2 Bc6 46. Kg1 Rf6 47. e3 f3 48. Kf1 Kg8 49. Rbd2 Rdf8 50. Rd4 Re6 51. Ke1 Rff6 52. Kd2 Rg6 53. Nf5 Rg2 54. Ke1 Rg1+ 55. Rf1 f2+ 56. Kxf2 Rxf1+ 57. Kxf1 Rf6 58. Ke2 Rxf5 0-1

[Event "CHI-ch U20"]
[Site "Quirihue"]
[Date "2022.01.17"]
[Round "1"]
[White "Aravena Navarro, Alexis Andres"]
[Black "Meneses Riveros, Lucas Samir"]
[Result "1-0"]
[WhiteElo "1985"]
[BlackElo "1319"]
[PlyCount "31"]
[EventDate "2022.01.17"]
[EventType "swiss"]
[EventRounds "9"]
[EventCountry "CHI"]
[SourceTitle "CBM 206 Extra"]
[Source "ChessBase"]
[SourceDate "2022.03.31"]
[SourceVersion "1"]
[SourceVersionDate "2022.03.31"]
[SourceQuality "1"]

1. e4 c5 2. Nf3 e6 3. d4 cxd4 4. Nxd4 a6 5. Bd3 Bc5 6. Be3 Qc7 7. Qg4 Qe5 8. f4 Nh6 9. Qg3 Qh5 10. f5 Ng4 11. Be2 Nxe3 12. Bxh5 Bxd4 13. Na3 Bxb2 14. Qxe3 Bxa1 15. c3 Bb2 16. Nc4 1-0

[Event "Valdivia op 2nd"]
[Site "Valdivia"]
[Date "2021.09.17"]
[Round "1"]
[White "Aravena Navarro, Alexis Andres"]
[Black "Ramirez Camilla, Agustin"]
[Result "1-0"]
[WhiteElo "1937"]
[BlackElo "1495"]
[PlyCount "97"]
[EventDate "2021.09.16"]
[EventType "swiss"]
[EventRounds "6"]
[EventCountry "CHI"]
[SourceTitle "CBM 204 Extra"]
[Source "ChessBase"]
[SourceDate "2021.11.30"]
[SourceVersion "1"]
[SourceVersionDate "2021.11.30"]
[SourceQuality "1"]

1. e4 c5 2. Nf3 e6 3. Nc3 a6 4. Be2 b5 5. a3 Qc7 6. 0-0 Bb7 7. d3 d6 8. Bf4 Nd7 9. Re1 Ngf6 10. Bf1 Ne5 11. h3 Rc8 12. Bg3 Be7 13. Nd2 g5 14. Nf3 Rg8 15. Be2 Rg7 16. d4 cxd4 17. Qxd4 Nc4 18. Bxc4 Qxc4 19. Rad1 Qxd4 20. Rxd4 d5 21. exd5 Nxd5 22. Nxd5 Bxd5 23. Be5 Rg6 24. c3 Bc5 25. Rxd5 exd5 26. Nxg5 Kd7 27. Nf3 Rcg8 28. g3 Rxg3+ 29. Bxg3 Rxg3+ 30. Kh1 Rxh3+ 31. Kg2 Rh6 32. Ne5+ Kc7 33. Rd1 Rf6 34. f3 Kd6 35. Nd3 Rg6+ 36. Kh3 Rg1 37. Rd2 Be3 38. Re2 Bh6 39. Ne5 Rg7 40. Nd3 f6 41. Re8 Re7 42. Rd8+ Kc6 43. Nb4+ Kc5 44. Rc8+ Kd6 45. Rd8+ Rd7 46. Ra8 Kc5 47. Nxa6+ Kc4 48. Rc8+ Kb3 49. Nc5+ 1-0

[Event "South America-ch U20"]
[Site "Chess.com INT"]
[Date "2021.06.19"]
[Round "7"]
[White "Aravena Navarro, Alexis Andres"]
[Black "Arias Diaz, Miguel Angel"]
[Result "1-0"]
[WhiteElo "1937"]
[BlackElo "1694"]
[PlyCount "69"]
[EventDate "2021.06.19"]
[EventType "swiss"]
[EventRounds "7"]
[EventCountry "CHI"]
[SourceTitle "CBM 203 Extra"]
[Source "ChessBase"]
[SourceDate "2021.09.30"]
[SourceVersion "1"]
[SourceVersionDate "2021.09.30"]
[SourceQuality "1"]

1. d4 Nf6 2. f3 d5 3. c4 g6 4. Nc3 Bg7 5. e4 dxe4 6. fxe4 0-0 7. Nf3 c5 8. d5 Nfd7 9. Be3 Na6 10. Qd2 Ne5 11. Bh6 Nxf3+ 12. gxf3 Nc7 13. h4 Qd6 14. 0-0-0 f5 15. h5 Rf7 16. Bd3 f4 17. hxg6 hxg6 18. Qh2 Bxh6 19. Qxh6 Qf6 20. Rdg1 Rg7 21. e5 Qxe5 22. Bxg6 Qe3+ 23. Kb1 Bf5+ 24. Ka1 Bxg6 25. Rxg6 Qe5 26. Rhg1 Ne8 27. Ne4 a5 28. Ng5 Rxg6 29. Qxg6+ Qg7 30. Qe6+ Kf8 31. Qf5+ Qf6 32. Nh7+ Kf7 33. Nxf6 Nxf6 34. Qe6+ Kf8 35. d6 1-0

[Event "South America-ch U20"]
[Site "Chess.com INT"]
[Date "2021.06.19"]
[Round "1"]
[White "Aravena Navarro, Alexis Andres"]
[Black "Rozas Lazcano, Valeska"]
[Result "1/2-1/2"]
[WhiteElo "1937"]
[BlackElo "1399"]
[PlyCount "151"]
[EventDate "2021.06.19"]
[EventType "swiss"]
[EventRounds "7"]
[EventCountry "CHI"]
[SourceTitle "CBM 203 Extra"]
[Source "ChessBase"]
[SourceDate "2021.09.30"]
[SourceVersion "1"]
[SourceVersionDate "2021.09.30"]
[SourceQuality "1"]

1. e4 c5 2. Nf3 e6 3. Nc3 a6 4. Be2 b5 5. d4 cxd4 6. Nxd4 Bb7 7. a3 Bc5 8. 0-0 Qc7 9. Be3 Nf6 10. Ndxb5 axb5 11. Nxb5 Qb6 12. Bxc5 Qxc5 13. Nd6+ Kf8 14. Nxb7 Qb6 15. Nd6 Qxb2 16. Rb1 Qxa3 17. e5 Nd5 18. Qd4 Nc6 19. Qh4 Nxe5 20. Nb5 Qa5 21. Qe4 Nc6 22. Qc4 g6 23. Bf3 Ne5 24. Qc5+ Kg7 25. Bxd5 exd5 26. Qxd5 Rae8 27. h4 h5 28. Qd4 Kh7 29. Qf4 Re7 30. Nd6 Rf8 31. Ne4 f5 32. Ng5+ Kg7 33. Rfe1 Qd5 34. Rbd1 Qc6 35. c4 Rfe8 36. Re3 Qxc4 37. Qxc4 Nxc4 38. Red3 Ne5 39. Rd6 Nf7 40. Nxf7 Kxf7 41. Rxd7 Rxd7 42. Rxd7+ Re7 43. Rd8 Kf6 44. Kh2 Re6 45. Kg3 Ra6 46. Rf8+ Kg7 47. Rb8 Ra4 48. Rb7+ Kh6 49. f3 Rc4 50. Rf7 Ra4 51. Kh3 Rc4 52. Kh2 Rxh4+ 53. Kg3 Ra4 54. Rf8 h4+ 55. Kh3 Kg5 56. Rh8 Rc4 57. Rh7 Ra4 58. Rc7 Rd4 59. Rc6 Ra4 60. Rd6 Ra1 61. Kh2 Ra2 62. Rd4 Ra1 63. Rb4 Re1 64. Rb2 Kh5 65. Rb5 Re6 66. Kh3 Re1 67. Kh2 Re6 68. Rc5 Rf6 69. Re5 g5 70. Kh3 Kh6 71. f4 gxf4 72. Kxh4 Kg6 73. g4 fxg3 74. Kxg3 Kg5 75. Re8 Rg6 76. Kf3 1/2-1/2

[Event "FISU World University"]
[Site "Tornelo INT"]
[Date "2020.10.28"]
[Round "9.25"]
[White "Marikova, Jana"]
[Black "Aravena Navarro, Alexis Andres"]
[Result "0-1"]
[WhiteElo "2163"]
[BlackElo "1937"]
[PlyCount "88"]
[EventDate "2020.10.26"]
[EventType "team-swiss (rapid)"]
[EventRounds "9"]
[EventCountry "NET"]
[SourceTitle "CBM 199 Extra"]
[Source "ChessBase"]
[SourceDate "2021.01.31"]
[SourceVersion "1"]
[SourceVersionDate "2021.01.31"]
[SourceQuality "1"]
[WhiteTeam "Czech Republic"]
[BlackTeam "Chile IV"]
[WhiteTeamCountry "CZE"]
[BlackTeamCountry "CHI"]

1. d4 Nf6 2. c4 c5 3. d5 b5 4. cxb5 a6 5. b6 g6 6. Nc3 Bg7 7. Nf3 0-0 8. e4 d6 9. Be2 a5 10. a4 Na6 11. 0-0 Nb4 12. Nd2 Nd7 13. Kh1 Nxb6 14. f4 e6 15. dxe6 fxe6 16. Nc4 Nxc4 17. Bxc4 Kh8 18. Qb3 Qe7 19. Bd2 Rb8 20. Nb5 d5 21. Be2 Bb7 22. e5 Ba6 23. Qh3 Bxb5 24. axb5 Nc2 25. Rxa5 Rb7 26. Bd3 Nd4 27. Ra6 c4 28. Bxg6 Bxe5 29. Bb1 Bf6 30. Bc3 Re8 31. Re1 Qf7 32. b6 Nc6 33. Bxf6+ Qxf6 34. Qh5 Rg8 35. Qe2 Nd4 36. Qe5 Qxe5 37. fxe5 Rgb8 38. Ra7 Rxa7 39. bxa7 Ra8 40. h3 Rxa7 41. Kg1 Rb7 42. Rd1 Ne2+ 43. Kf2 Rxb2 44. Kf3 Nc3 0-1

[Event "FISU World University"]
[Site "Tornelo INT"]
[Date "2020.10.27"]
[Round "6.23"]
[White "Aravena Navarro, Alexis Andres"]
[Black "Serikbay, Chingiz"]
[Result "0-1"]
[WhiteElo "1937"]
[BlackElo "2338"]
[PlyCount "124"]
[EventDate "2020.10.26"]
[EventType "team-swiss (rapid)"]
[EventRounds "9"]
[EventCountry "NET"]
[SourceTitle "CBM 199 Extra"]
[Source "ChessBase"]
[SourceDate "2021.01.31"]
[SourceVersion "1"]
[SourceVersionDate "2021.01.31"]
[SourceQuality "1"]
[WhiteTeam "Chile IV"]
[BlackTeam "Kazakhstan III"]
[WhiteTeamCountry "CHI"]
[BlackTeamCountry "KAZ"]

1. e4 c5 2. Nf3 g6 3. d4 Bg7 4. dxc5 Qa5+ 5. c3 Qxc5 6. Na3 Nf6 7. Be3 Qc6 8. Nb5 b6 9. Ne5 Qb7 10. Bc4 0-0 11. Qb3 d5 12. exd5 a6 13. Nd4 b5 14. Be2 Qxd5 15. Bf3 Qxe5 16. Bxa8 Ng4 17. Nf3 Qc7 18. 0-0 Nxe3 19. fxe3 Nd7 20. Nd4 Nc5 21. Qc2 e5 22. Nb3 Na4 23. Bf3 Nb6 24. Rfd1 Nc4 25. Qe2 Qb6 26. Kh1 Nxe3 27. Qf2 Bh6 28. Rd3 Bf5 29. Rad1 Bxd3 30. Rxd3 Rd8 31. Rxd8+ Qxd8 32. g4 Bf4 33. h4 Qd3 34. Nd2 Nxg4 35. Bxg4 Bxd2 36. Kg2 f5 37. Be2 Qd5+ 38. Bf3 e4 39. Be2 f4 40. Bg4 Be3 41. Qe1 f3+ 42. Kh3 Bf4 43. Qf2 h5 44. Bc8 Qc6 45. Bg4 hxg4+ 46. Kxg4 Qf6 47. Qc5 Qf5+ 48. Qxf5 gxf5+ 49. Kxf4 f2 50. Kxf5 f1Q+ 51. Kxe4 Qb1+ 52. Kd4 Qxb2 53. h5 Qxa2 54. Kc5 Qc4+ 55. Kb6 Qxc3 56. h6 b4 57. h7+ Kxh7 58. Ka5 b3+ 59. Ka4 Qc4+ 60. Ka3 a5 61. Kb2 Qc2+ 62. Ka3 Qa2# 0-1

[Event "Wch U20 58th"]
[Site "New Delhi"]
[Date "2019.10.23"]
[Round "9"]
[White "Aravena Navarro, Alexis Andres"]
[Black "Rakesh, Kumar Jena"]
[Result "0-1"]
[WhiteElo "2023"]
[BlackElo "2355"]
[PlyCount "102"]
[EventDate "2019.10.15"]
[EventType "swiss"]
[EventRounds "11"]
[EventCountry "IND"]
[SourceTitle "CBM 192 Extra"]
[Source "Chessbase"]
[SourceDate "2019.11.06"]
[SourceVersion "1"]
[SourceVersionDate "2019.11.06"]
[SourceQuality "1"]

1. e4 c5 2. Nf3 e6 3. d4 cxd4 4. Nxd4 Nf6 5. Nc3 Nc6 6. g3 Bb4 7. Bg2 0-0 8. 0-0 a6 9. Nxc6 dxc6 10. Qf3 e5 11. h3 Be6 12. Bg5 h6 13. Rad1 Qe7 14. Bc1 Rad8 15. a3 Bc5 16. Rxd8 Rxd8 17. Nd1 Nh7 18. Ne3 g6 19. Ng4 Ng5 20. Qe2 h5 21. Nxe5 Bxh3 22. Nxf7 Qxf7 23. Bxg5 Bg4 24. Qxg4 hxg4 25. Bxd8 Qc4 26. c3 Qb3 27. e5 Qxb2 28. e6 Qe2 29. e7 Bxa3 30. Bb6 Bxe7 31. Be3 a5 32. Rb1 Qa6 33. Rb6 Qa8 34. Bf1 Bd8 35. Bc4+ Kh7 36. Rb1 b5 37. Be6 Bf6 38. Rd1 Qe8 39. Rd7+ Kh8 40. Bxg4 Qe4 41. Bh3 a4 42. Rd6 a3 43. Rxf6 a2 44. Bg2 a1Q+ 45. Kh2 Qe5 46. Bd4 Qh5+ 47. Bh3 Kg8 48. g4 Qg5 49. Kg3 Qg1+ 50. Bg2 c5 51. f4 Qxg2+ 0-1

[Event "Wch U20 58th"]
[Site "New Delhi"]
[Date "2019.10.18"]
[Round "5"]
[White "De Silva, LMST"]
[Black "Aravena Navarro, Alexis Andres"]
[Result "1-0"]
[WhiteElo "1879"]
[BlackElo "2023"]
[PlyCount "63"]
[EventDate "2019.10.15"]
[EventType "swiss"]
[EventRounds "11"]
[EventCountry "IND"]
[SourceTitle "CBM 192 Extra"]
[Source "Chessbase"]
[SourceDate "2019.11.06"]
[SourceVersion "1"]
[SourceVersionDate "2019.11.06"]
[SourceQuality "1"]

1. e4 c5 2. Nf3 Nc6 3. Bb5 e6 4. 0-0 Nge7 5. Re1 a6 6. Bf1 b5 7. c3 d5 8. exd5 Nxd5 9. d4 Bb7 10. a4 Qb6 11. Ng5 Be7 12. Qh5 Nd8 13. axb5 cxd4 14. bxa6 dxc3 15. Nxc3 Nxc3 16. bxc3 Bxa6 17. Nxf7 0-0 18. Be3 Qc6 19. Ne5 Qc8 20. Rxa6 Rxa6 21. Bd3 g6 22. Nxg6 Rf7 23. Nxe7+ Rxe7 24. Bxa6 Qxa6 25. Bc5 Qa5 26. Rd1 Nb7 27. Qg4+ Kf7 28. Bxe7 Kxe7 29. Qg7+ Ke8 30. Qxb7 Qxc3 31. Qd7+ Kf8 32. Qxe6 1-0

[Event "Wch U20 58th"]
[Site "New Delhi"]
[Date "2019.10.17"]
[Round "3"]
[White "Aravena Navarro, Alexis Andres"]
[Black "Cansun, Can Alp"]
[Result "0-1"]
[WhiteElo "2023"]
[BlackElo "2199"]
[PlyCount "74"]
[EventDate "2019.10.15"]
[EventType "swiss"]
[EventRounds "11"]
[EventCountry "IND"]
[SourceTitle "CBM 192 Extra"]
[Source "Chessbase"]
[SourceDate "2019.11.06"]
[SourceVersion "1"]
[SourceVersionDate "2019.11.06"]
[SourceQuality "1"]

1. e4 c5 2. Nf3 e6 3. d4 cxd4 4. Nxd4 Nc6 5. Nc3 Qc7 6. Qd3 a6 7. Nxc6 dxc6 8. Qg3 Qxg3 9. hxg3 e5 10. Na4 Be6 11. Be3 Nf6 12. f3 Nd7 13. 0-0-0 Be7 14. g4 0-0-0 15. b3 b5 16. Nb2 h6 17. c4 Kb7 18. Rh5 f6 19. Be2 Ba3 20. Kc2 Nb6 21. c5 Rxd1 22. Bxd1 Nd7 23. Nd3 a5 24. Kc3 Rd8 25. Rh1 Bf7 26. g3 Re8 27. Rh2 Nf8 28. Rd2 Kc7 29. f4 exf4 30. Bxf4+ Kc8 31. Bd6 Ne6 32. b4 Ng5 33. Rc2 axb4+ 34. Nxb4 Nxe4+ 35. Kd4 Bxb4 36. Bf3 Nxd6 37. cxd6 c5+ 0-1

[Event "Pan American-ch U18"]
[Site "Guayaquil"]
[Date "2019.07.26"]
[Round "8"]
[White "Aravena Navarro, Alexis Andres"]
[Black "Corredor Castellanos, Camilo"]
[Result "1/2-1/2"]
[WhiteElo "1933"]
[BlackElo "2052"]
[PlyCount "61"]
[EventDate "2019.07.21"]
[EventType "swiss"]
[EventRounds "9"]
[EventCountry "ECU"]
[SourceTitle "EXT 2020"]
[Source "ChessBase"]
[SourceDate "2019.10.17"]
[SourceVersion "1"]
[SourceVersionDate "2019.10.17"]
[SourceQuality "1"]

1. e4 c5 2. Nf3 Nc6 3. d4 cxd4 4. Nxd4 Nf6 5. Nc3 d6 6. Bg5 e6 7. Qd2 a6 8. 0-0-0 Bd7 9. f3 Qc7 10. Nxc6 Bxc6 11. Ne2 Be7 12. Nd4 Bd7 13. Kb1 e5 14. Nb3 h6 15. Be3 Be6 16. c4 Nd7 17. Be2 a5 18. Rc1 a4 19. Na1 Nc5 20. g4 Qa5 21. Qd1 Ra6 22. Nc2 Bg5 23. Bxg5 hxg5 24. Na3 Ke7 25. Rc2 Qb4 26. h3 Rb6 27. Kc1 Bd7 28. Bf1 Ne6 29. Qd2 Nd4 30. Qxb4 Rxb4 31. Rc3 1/2-1/2

[Event "Pan American-ch U18"]
[Site "Guayaquil"]
[Date "2019.07.25"]
[Round "7"]
[White "Aranguiz Olave, Emilio Antonio"]
[Black "Aravena Navarro, Alexis Andres"]
[Result "0-1"]
[WhiteElo "1739"]
[BlackElo "1933"]
[PlyCount "70"]
[EventDate "2019.07.21"]
[EventType "swiss"]
[EventRounds "9"]
[EventCountry "ECU"]
[SourceTitle "EXT 2020"]
[Source "ChessBase"]
[SourceDate "2019.10.17"]
[SourceVersion "1"]
[SourceVersionDate "2019.10.17"]
[SourceQuality "1"]

1. e4 g6 2. Nc3 Bg7 3. d3 c5 4. g3 Nc6 5. Be3 d6 6. Qd2 b5 7. Bg2 Rb8 8. Nge2 h5 9. h4 Nf6 10. d4 cxd4 11. Nxd4 Ne5 12. Qe2 Bg4 13. f3 Bd7 14. f4 Nc4 15. Bg1 e5 16. Nf3 Nxb2 17. fxe5 dxe5 18. Be3 Nc4 19. 0-0 Qa5 20. Nd1 0-0 21. Bg5 Rfc8 22. Nf2 Ng4 23. Rfd1 Nxf2 24. Rxd7 Ng4 25. Rf1 Qb6+ 26. Kh1 Nce3 27. Rc1 Nxg2 28. Kxg2 Rb7 29. Rd3 f6 30. Bd2 Rbc7 31. Ne1 Rc4 32. Rb1 Qc6 33. Rd5 a6 34. Bb4 f5 35. a3 Rxe4 0-1

[Event "Wch U16"]
[Site "Porto Carras"]
[Date "2018.10.21"]
[Round "3"]
[White "Bekturov, Tamerlan"]
[Black "Aravena Navarro, Alexis Andres"]
[Result "1-0"]
[WhiteElo "2297"]
[BlackElo "1970"]
[PlyCount "77"]
[EventDate "2018.10.20"]
[EventType "swiss"]
[EventRounds "11"]
[EventCountry "GRE"]
[SourceTitle "CBM 187 Extra"]
[Source "ChessBase"]
[SourceDate "2018.11.04"]
[SourceVersion "1"]
[SourceVersionDate "2018.11.04"]
[SourceQuality "1"]

1. d4 Nf6 2. c4 c5 3. d5 b5 4. cxb5 a6 5. f3 g6 6. e4 d6 7. bxa6 Bg7 8. Bb5+ Bd7 9. Bc4 0-0 10. Ne2 Nxa6 11. 0-0 Qb6 12. Nbc3 Rfb8 13. b3 Nb4 14. a4 Bc8 15. Be3 Nd7 16. Rb1 Ba6 17. Bxa6 Nxa6 18. Nb5 Nb4 19. Qd2 Qa5 20. Rfc1 Rb7 21. Na3 Rab8 22. Nc4 Qd8 23. Nc3 Na6 24. Nb5 Ne5 25. Na5 Rb6 26. f4 Ng4 27. Nc6 Rxc6 28. dxc6 Nc7 29. Bxc5 Nxb5 30. axb5 Rxb5 31. Bd4 e5 32. c7 Qc8 33. Qe2 Rb7 34. Qxg4 f5 35. Qe2 exd4 36. Qa6 Bf8 37. Qxb7 Qxb7 38. c8Q Qxe4 39. Re1 1-0

[Event "Wch U16"]
[Site "Porto Carras"]
[Date "2018.10.20"]
[Round "1"]
[White "Sankalp, Gupta"]
[Black "Aravena Navarro, Alexis Andres"]
[Result "1-0"]
[WhiteElo "2352"]
[BlackElo "1970"]
[PlyCount "93"]
[EventDate "2018.10.20"]
[EventType "swiss"]
[EventRounds "11"]
[EventCountry "GRE"]
[SourceTitle "CBM 187 Extra"]
[Source "ChessBase"]
[SourceDate "2018.11.04"]
[SourceVersion "1"]
[SourceVersionDate "2018.11.04"]
[SourceQuality "1"]

1. d4 Nf6 2. Nf3 e6 3. Bf4 b6 4. e3 Bb7 5. Bd3 d6 6. 0-0 Nbd7 7. h3 Qe7 8. Bh2 e5 9. dxe5 dxe5 10. Bc4 Qc5 11. Nbd2 Bd6 12. e4 0-0 13. Qe2 a6 14. a4 Rfe8 15. Ng5 Re7 16. Nb3 Qc6 17. Bb5 axb5 18. axb5 Ba6 19. bxc6 Bxe2 20. Rxa8+ Nf8 21. Re1 Bb5 22. Nd2 h6 23. Ngf3 Bxc6 24. Rd8 Re6 25. Nc4 Bxe4 26. Ncxe5 Bb4 27. c3 Be7 28. Rdd1 c5 29. Nd2 Bc2 30. Rc1 Ba4 31. Nec4 b5 32. Rxe6 Nxe6 33. Nb6 Bd8 34. Nxa4 bxa4 35. Ra1 Nd5 36. Nc4 Bg5 37. Rxa4 Kh7 38. Bd6 Nf6 39. Ra7 Kg6 40. Ne5+ Kf5 41. Nd3 Ne4 42. Bxc5 f6 43. Bb6 Nd6 44. Ra5+ Kg6 45. Ra4 Kf5 46. g4+ Kg6 47. f4 1-0

[Event "Wch U16"]
[Site "Montevideo"]
[Date "2017.09.23"]
[Round "8"]
[White "Aravena Navarro, Alexis Andres"]
[Black "Coro, Lucas"]
[Result "0-1"]
[WhiteElo "1821"]
[BlackElo "2193"]
[PlyCount "150"]
[EventDate "2017.09.17"]
[EventType "swiss"]
[EventRounds "11"]
[EventCountry "URU"]
[SourceTitle "CBM 180 Extra"]
[Source "ChessBase"]
[SourceDate "2017.10.06"]
[SourceVersion "1"]
[SourceVersionDate "2017.10.06"]
[SourceQuality "1"]

1. g3 g6 2. Bg2 Bg7 3. c4 d6 4. Nc3 Nf6 5. e3 0-0 6. Nge2 e5 7. 0-0 Re8 8. Rb1 c6 9. d4 e4 10. f3 exf3 11. Bxf3 Bh3 12. Re1 Bf5 13. Ra1 Nbd7 14. Nf4 Ne4 15. Nxe4 Bxe4 16. Bxe4 Rxe4 17. b3 Qe7 18. Nd3 Re8 19. Bd2 Nf6 20. Nf2 Re6 21. Nh3 Bh6 22. Nf4 Bxf4 23. exf4 Re2 24. a3 Ng4 25. Qxe2 Qxe2 26. Rxe2 Rxe2 27. Bb4 Nxh2 28. Bxd6 Rd2 29. Bb8 a6 30. Ba7 Kg7 31. d5 cxd5 32. cxd5 Nf3+ 33. Kf1 Kf6 34. Rc1 Rxd5 35. Rc3 Nd2+ 36. Kg2 Ne4 37. Re3 Kf5 38. b4 Rd2+ 39. Kg1 h5 40. Bb8 Rc2 41. Be5 f6 42. Bd4 Ra2 43. Kf1 Rc2 44. Ke1 Rg2 45. Bxf6 Rxg3 46. Rxg3 Nxg3 47. Bg5 Ke4 48. Kf2 Nf5 49. a4 Nd4 50. Bh6 Ne6 51. Kg3 b5 52. axb5 axb5 53. Kh4 Nxf4 54. Kg5 Kf3 55. Kh4 Ne6 56. Bd2 Ke4 57. Be1 Nd4 58. Bf2 Nf3+ 59. Kg3 g5 60. Bc5 g4 61. Be7 Kf5 62. Bd6 h4+ 63. Kg2 Nd2 64. Bc7 Ke4 65. Bd8 h3+ 66. Kf2 Nc4 67. Bh4 Ne3 68. Bg3 Nf5 69. Bc7 g3+ 70. Bxg3 Nxg3 71. Kxg3 Kd4 72. Kxh3 Kc4 73. Kg2 Kxb4 74. Kf2 Kc3 75. Ke2 Kc2 0-1